000
00278nam a22001217a 4500
020
_a
0-7166-0080-3
082
_a
030 WOR'W
100
_a
WORLD BANK
_9
19601
245
_a
THE WORLD BOOK ENCYCLOPEDIA B VOL 2
260
_a
USA
_b
WORLD BANK
_c
1980
300
_a
640P
942
_c
BK
999
_c
581150
_d
581150